000 00289nam a2200133Ia 4500
008 230312s9999||||xx |||||||||||||| ||und||
020 _a978-1259-663048
082 _a339
_bCOL-M
100 _aColander
245 0 _aMacroeconomics
300 _a849
650 _aManagement
942 _cBK
999 _c14838
_d14838